Bilecik Bilecik Bilecik Bilecik Bilecik

Avrupa kültüründe kusursuz dil arayışı/ (Record no. 23439)

MARC details
000 -BAŞLIK
Sabit Uzunluktaki Kontrol Alanı 01049nam a22003257a 4500
001 - KONTROL NUMARASI
Control Dosyası 0023484
003 - KONTROL NUMARASI KİMLİĞİ
Kontrol Alanı KOHA_MİRAKIL
005 - EN SON İŞLEM TARİHİ ve ZAMANI
Kontrol Alanı 20260207002412.0
007 - FİZİKSEL TANIM SABİT ALAN - GENEL BİLGİ
Sabit uzunluklu kontrol alanı ta
008 - SABİT UZUNLUKTAKİ VERİ ÖGELERİ - GENEL BİLGİ
Sabit Alan 101027b2009 tu |||gr||||#||||1|tur |
020 ## - ISBN - ULUSLARARASI STANDART KİTAP NUMARASI
Isbn 9789750402364
040 ## - KATALOGLAMA KAYNAĞI
Özgün Kataloglama Kurumu TR-BiSEU
Kataloglama Dili tur
Çeviri Kurumu TR-BiSEU
Açıklama Kuralları rda
041 0# - DİL KODU
Metin ya da ses kaydının dil kodu tur
044 ## - YAYINLAYAN/ÜRETEN KURULUŞUN ÜLKE KODU
ISO country code tu
050 ## - SINIFLAMA ve YER NUMARASI
Sınıflama Numarası P106
Yer Numarası .E36 2009
100 1# - KİŞİ ADI
Yazar Adı (Kişi adı) Eco, Umberto.
240 10 - TEK BİÇİM BAŞLIK
Tekbiçim Başlık <a href="La ricerca della lingua perfetta nella cultura Europea.">La ricerca della lingua perfetta nella cultura Europea.</a>
Language of a work Türkçe
245 1# - ESER ADI BİLDİRİMİ
Başlık Avrupa kültüründe kusursuz dil arayışı/
Sorumluluk Bildirimi Umberto Eco ; Umberto Eco ; çeviren Kemal Atakay.
264 #1 - ÜRERİM, YAYIN, DAĞITIM ve TELİF BİLDİRİMİ
Yayın yeri İstanbul :
Yayınlayan Literatür
Yayın tarihi 2009
300 ## - FİZİKSEL TANIMLAMA
Sayfa, Cilt vb. 319 sayfa :
Diğer fiziki detaylar resimli
336 ## - İÇERİK TÜRÜ
Content type term metin
Content type code txt
Source rdacontent
337 ## - MEDYA TÜRÜ
Media type term aracısız
Media type code n
Source rdamedia
338 ## - TAŞIYICI TÜRÜ
Carrier type term cilt
Carrier type code nc
Source rdacarrier
500 ## - GENEL NOT
Genel Not Kapakta adı: Avrupa Kültürü.
500 ## - GENEL NOT
Genel Not Özgün adı: La ricerca della lingua perfetta nella cultura Europea.
500 ## - GENEL NOT
Genel Not Dizin var.
650 #0 - KONU BAŞLIĞI EK GİRİŞ - KONU TERİMİ
Konusal terim veya coğrafi ad Dil ve diller.
9 (RLIN) 31160
650 #0 - KONU BAŞLIĞI EK GİRİŞ - KONU TERİMİ
Konusal terim veya coğrafi ad Dil ve kültür--Avrupa.
9 (RLIN) 48420
942 ## - EK GİRİŞ ÖGELERİ (KOHA)
Source of classification or shelving scheme Library of Congress Classification
Koha item type Book
Holdings
Materyal Türü Kalıcı Konum Mevcut Konum Raf Yeri Sınıflandırma Kaynağı Edinim Bilgisi Ana Konular Alt Konular Yer Numarası Demirbaş Numarası Fatura Tarihi Maliyet, Alış Fiyatı Maliyet, Yenileme Fiyatı Geri Çekilme Durumu Kayıp Durumu Hasarlı Durumu Kredi için değil Kayıt Tarih Toplam Ödünçverme Son Görülme Tarihi Son Kontrol Tarihi Genel / Bağış Notu
Book Prof. Dr. Azmi Özcan Kütüphanesi Prof. Dr. Azmi Özcan Kütüphanesi Birûni Salonu Library of Congress Classification Bağış DİL VE EDEBİYAT Filoloji, Dilbilim P106 .E36 2009 0023484 14/12/2010 22.22 22.22         27/10/2010 1 05/12/2024 05/12/2024 Marmara Çağdaş Eğitim Vakfı
Book Prof. Dr. Azmi Özcan Kütüphanesi Prof. Dr. Azmi Özcan Kütüphanesi Birûni Salonu Library of Congress Classification Bağış DİL VE EDEBİYAT Filoloji, Dilbilim P106 .E36 2009 0023510 14/12/2010 22.22 22.22         27/10/2010 1 05/12/2024 05/12/2024 Marmara Çağdaş Eğitim Vakfı